000 00261nam a22001217a 4500
008 180226b xxu||||| |||| 00| 0 eng d
041 _aeng
080 _a615
100 _a50
101 _asoc
245 _araising good children
_cthomas.l
942 _2udc
_cBK
999 _c43458
_d43458